Top 5 Songs On Konnichiwa (Skepta) - Statistics

General Stats
  • This quiz has been taken 7 times
  • The average score is 4 of 5
Answer Stats
Hint Answer % Correct
111,632,171 Shutdown
100%
54,608,957 Man
83%
95,459,121 That's Not Me
83%
27,927,713 Ladies Hit Squad
50%
41,948,183 It Ain't Safe
33%
No matching quizzes found
Score Distribution
Percent of People with Each Score
Percentile by Number Answered
Your Score History
You have not taken this quiz